| 000 | 01260nam1a2200301 4500 | ||
|---|---|---|---|
| 001 | rc\3018754 | ||
| 005 | 20250807185959.0 | ||
| 035 | _a(NLR Aleph) 007160946 | ||
| 090 |
_a1133 _c1133 |
||
| 100 | _a20110927d1944 u y0rusy50 ca | ||
| 101 | 0 | _arus | |
| 102 | _aRU | ||
| 105 | _ay j ||||| | ||
| 200 | 1 |
_aИстория СССР _eучебник для сред. школы _fпроф. К. В. Базилевич, проф. С. В. Бахрушин, проф. А. М. Панкратова, доц. А. В. Фохт _gпод ред. проф. А. М. Панкратовой _gИн-т истории Акад. наук СССР |
|
| 210 |
_aМосква _cУчпедгиз _d1944 |
||
| 215 | _d22 | ||
| 316 |
_aЭкз. РНБ утрачен _5NLR |
||
| 701 | 1 |
_aБазилевич _bК. В. _f1892-1950 _gКонстантин Васильевич _3RU\NLR\AUTH\770278682 |
|
| 701 | 1 |
_aБахрушин _bС. В. |
|
| 701 | 1 |
_aПанкратова _bА. М. _gАнна Михайловна |
|
| 801 | 0 |
_aRU _bNLR _gpsbo |
|
| 801 | 1 |
_aRU _bELAR _2rusmarc |
|
| 852 |
_aNLR _jИр10 Г-5/22 |
||
| 942 | _cBOOK | ||
| 945 | _aРоссийская национальная библиотека | ||
| 980 | _aNB | ||
| 980 | _aBV | ||